| 000 | 00476nam a22001577a 4500 | ||
|---|---|---|---|
| 003 | SISC | ||
| 005 | 20160906075559.0 | ||
| 008 | 160823b xxu||||| |||| 00| 0 eng d | ||
| 020 | _a9789719654292 | ||
| 050 |
_aKPM 1205 _b,L961 2016 |
||
| 100 | _aLuna, Alden Reuben. | ||
| 245 |
_aLabor laws and legislation / _cAlden Reuben B. Luna. |
||
| 260 |
_aManila : _bUnlimited Books Library Services & Publishing Inc., _c2016. |
||
| 300 |
_avi, 468 pages ; _c23 cm. |
||
| 942 |
_2lcc _cBK |
||
| 999 |
_c300757 _d300757 |
||